Statistiques concernant Musique classique et chansons de variété

Cliquez ici pour prendre le quiz!

Statistiques générales

  • Ce quiz a été pris 59 fois
  • Le résultat moyen est 4 sur 20

Statistiques - réponses

Oeuvres classiquesInterprètesChansons% Correct
Chopin - Etude op. 10Serge GainsbourgLemon {incest}
73%
Bach - Prélude N°1 clavier bien tempéréMauraneSur {un prélude de Bach}
62%
Ravel - BoléroGilbert BécaudEt {maintenant}
49%
Dvorak - Symphonie du Nouveau mondeSerge Gainsbourg{Initials} BB
45%
Brahms - Symphonie N°3Enzo EnzoJuste {quelqu'un de bien}
27%
Bellini - NormaMireille MathieuMille {colombes}
27%
Beethoven - Sonate N°14Nana Mouskouri{Clair de} Lune
15%
Chopin - Prélude N°4Serge Gainsbourg{Jane} B
15%
Beethoven - Pour EliseDario MorenoTout {l'amour que j'ai pour toi}
13%
Rodrigo - Concerto d'AranjuezRichard AnthonyAranjuez {mon amour}
9%
Beethoven - Symphonie N°5Les Quatre barbusLa {pince à linge}
9%
Wagner - TannhäuserMylène FarmerJardin {de Vienne}
5%
Beethoven - Symphonie N°7Johnny Hallyday{Poème sur la} 7e
5%
Chopin - Etude N°9Serge Gainsbourg{Dépression} au-dessus du jardin
2%
Beethoven - Sonate N°8DaveIls {s'en vont}
2%
Verdi - NabuccoMireille MathieuJe {chante avec toi Liberté}
2%
Pachelbel - CanonMénélikje {me souviens}
0%
Beethoven - Sonate N°23Serge GainsbourgMe {Lou Marylou}
0%
Brahms - Symphonie N°3DalidaQuand {tu dors près de moi}
0%
Beethoven - Hymne à la joieDaveQuel {que soit le coin de terre}
0%

Distribution des résultats

Percentile par nombre de réponses

% des personnes avec chaque résultat

Votre développement - résultats

Vous n’avez pas pris ce quiz